| 000 | 00886nam a22001817a 4500 | ||
|---|---|---|---|
| 999 |
_c7803 _d7803 |
||
| 008 | 231025b ||||| |||| 00| 0 eng d | ||
| 040 | _aCDMR | ||
| 110 |
_94898 _aACAF Associació Colomenca d'Aficionats a la Fotografia |
||
| 245 |
_aHomenaje a W. Eugene Smith _b: proyecto colectivo _c/ [ACAF LIFE presenta] |
||
| 260 |
_aSanta Coloma de Gramenet _b: ACAF, _c2020 |
||
| 300 |
_a35 p. _b: principalment fotografies en blanc i negre _c; 32 cm |
||
| 505 | _aRecull de fotografies fetes per membres de l'ACAF (de la qual forma part en Joan Guerrero) inspirant-se en l'estil del fotoperiodista nord-americà W. Eugene Smith | ||
| 600 | 0 |
_94899 _aSmith, W. Eugene |
|
| 650 | 0 |
_93679 _aFotoperiodisme _zCatalunya _y2020 |
|
| 700 | 1 |
_9490 _aGuerrero, Joan |
|
| 856 |
_uhttps://www.acafsantacoloma.es/noticias/revista-acaf-life-proyecto-w-eugene-smith/ _yAccés en línia |
||
| 942 |
_2udc _cFULLET |
||